Samakaleen Urdu-Hindi gazal Parampara aur vikas/ (Record no. 145241)

000 -LEADER
fixed length control field 00423nam a22001577a 4500
020 ## - INTERNATIONAL STANDARD BOOK NUMBER
ISBN 9789387187139
082 ## - DEWEY DECIMAL CLASSIFICATION NUMBER
Classification number H100 9
Item number GAR/S
100 ## - MAIN ENTRY--AUTHOR NAME
Personal name Garima Singh
245 ## - TITLE STATEMENT
Title Samakaleen Urdu-Hindi gazal Parampara aur vikas/
Statement of responsibility, etc by Garima Singh
260 ## - PUBLICATION, DISTRIBUTION, ETC. (IMPRINT)
Place of publication Delhi:
Name of publisher Nayi Kithab Prakashan,
Year of publication 2018.
300 ## - PHYSICAL DESCRIPTION
Number of Pages 160p.
650 ## - SUBJECT ADDED ENTRY--TOPICAL TERM
Topical Term Poetry Hindi Criticism
650 ## - SUBJECT ADDED ENTRY--TOPICAL TERM
Topical Term Literature Hindi
650 ## - SUBJECT ADDED ENTRY--TOPICAL TERM
Topical Term Literature
942 ## - ADDED ENTRY ELEMENTS (KOHA)
Koha item type Book
Holdings
Withdrawn status Lost status Damaged status Not for loan Permanent Location Current Location Shelving location Date acquired Cost, normal purchase price Full call number Accession Number Price effective from Koha item type
        Sree Sankaracharya University of Sanskrit Sree Sankaracharya University of Sanskrit Stacks 28.09.2020 325.00 H100 9 GAR/S 100539 28.09.2020 Book